Vasunu manpetha (Record no. 2324)
[ view plain ]
| 000 -LEADER | |
|---|---|
| fixed length control field | 00416nam a2200157Ia 4500 |
| 005 - DATE AND TIME OF LATEST TRANSACTION | |
| control field | 20250612032346.0 |
| 008 - FIXED-LENGTH DATA ELEMENTS--GENERAL INFORMATION | |
| fixed length control field | 240331s9999 xx 000 0 und d |
| 020 ## - INTERNATIONAL STANDARD BOOK NUMBER | |
| ISBN | 955956451X |
| 082 ## - DDC Classification | |
| Item Number - Author Mark | PIY |
| Class No. | 320 |
| 100 ## - MAIN ENTRY--PERSONAL NAME | |
| Personal name | Piyasena, L |
| 245 #0 - TITLE STATEMENT | |
| Title | Vasunu manpetha |
| 260 ## - PUBLICATION, DISTRIBUTION, ETC. | |
| Place of publication, distribution, etc. | Kaluthara |
| Name of publisher, distributor, etc. | Luxman Piyasena |
| Date of publication, distribution, etc. | 1994 |
| 300 ## - PHYSICAL DESCRIPTION | |
| Extent (e.g. Volumes, Pages etc.) | 165 p ., |
| 500 ## - GENERAL NOTE | |
| General note | A historical analysis of the political tradition of giruwaya |
| 942 ## - Koha item type (Biblio) | |
| Koha item type | Books in Stacks (Lending) |
| Lost status | Damaged status | Collection code | Home library | Current library | Shelving location | Date acquired | Full call number | Accession Number | Item type |
|---|---|---|---|---|---|---|---|---|---|
| Lending | WERC Library | WERC Library | Social Science Cupboard | 03/31/2024 | 320.9 PIY | 2830 | Books in Stacks (Lending) |
